Smerfy - Statystyki

Ogólne statystyki
  • Ten quiz został rozwiązany 368 razy
  • Średni wynik to 12 z 24
Statystyki odpowiedzi
Odpowiedź % Poprawnych
Papa Smerf
99%
Dziadek Smerf
97%
Smerfetka
96%
Ważniak
87%
Laluś
76%
Osiłek
76%
Gargamel
65%
Ciamajda
64%
Pracuś
63%
Klakier
62%
Łasuch
61%
Maruda
57%
Zgrywus
52%
Śpioch
43%
Malarz
39%
Sasetka
34%
Smerfuś
34%
Poeta
26%
Harmoniusz
23%
Pasibrzuch
19%
Marzyciel
14%
Nicpoń
12%
Hogatha
4%
Bocian Piórek
2%
Nie znaleziono quizów pasujących do podanych kryteriów
Rozkład punktacji
Procent ludzi z każdym wynikiem
Percentyl według liczby udzielonych odpowiedzi
Twoja historia wyników
Nie rozwiązałeś tego quizu